Tyska Kändisar - Statistics

General Stats
  • This quiz has been taken 48 times
  • The average score is 9 of 22
Answer Stats
Ledtråd Tysk % Correct
Historiens mest ökänd tysk (var född i Österrike) Adolf Hitler
95%
Upptäckte relativitet Albert Einstein
93%
Kvinnlig förbundskansler Angela Merkel
83%
Döv kompositör Ludwig van Beethoven
80%
Började den protestantiska kyrkan Martin Luther
70%
7-gångers Formula 1 mästare Michael Schumacher
68%
"Das Kapital" Karl Marx
58%
"Järnkanslern" som förenade Tyskland Otto von Bismarck
53%
"Der Ring des Nibelungen" Richard Wagner
40%
Författaren av "Faust" Johann Wolfgang von Goethe
38%
Tysklands "Ökenräven" general Erwin Rommel
33%
Fotomodell som säger "Auf Wiedersehen" Heidi Klum
30%
Den filosofen som sa att "Guden är död" Friedrich Nietzsche
28%
"Brandenburg Concertos" Johann Sebastian Bach
28%
Vinnare av 22 tennis Grand Slam Steffi Graf
28%
Förbundskansler som återuppbyggde Västtyskland (1949-1963) Konrad Adenauer
25%
Typer uppfinnare Johannes Gutenberg
23%
Kejsaren under Första världskriget Willhelm II
20%
Påven, 2005-2013 Benedikt XVI
18%
Den "store" Preussiska kungen Fredrik den store
15%
"Blecktrumman" författare Günter Grass
15%
Ledande raketforskare Wernher von Braun
8%
No matching quizzes found
Score Distribution
Percent of People with Each Score
Percentile by Number Answered
Your Score History
You have not taken this quiz